| 000 | 00652nam a2200145Ia 4500 | ||
|---|---|---|---|
| 008 | 100415s9999 xx 000 0 und d | ||
| 082 |
_b12435 _a581(535) |
||
| 100 | _aMILLER, ANTHONY G. | ||
| 245 | _aPlants of Dhofar : the Southern region of Oman traditional, economic and medicinal uses: 12435 REFERENCE COPY | ||
| 260 |
_aOMAN _c1988 _bTHE OFFICE OF THE ADVISER FOR |
||
| 365 | _b0 | ||
| 630 | _aPlants of Dhofar : the Southern region of Oman traditional, economic and medicinal uses: 12435 REFERENCE COPY | ||
| 730 | _aPlants of Dhofar : the Southern region of Oman traditional, economic and medicinal uses: 12435 REFERENCE COPY | ||
| 942 | _cBOOK | ||
| 999 |
_c595352 _d595349 |
||